| 000 | 00761nam a2200121Ia 4500 | ||
|---|---|---|---|
| 008 | 220620s9999||||xx |||||||||||||| ||und|| | ||
| 100 | _aTill, Bradley J.||Jankowicz-Cieslak, Joanna||Huynh, Owen A.||Beshir, Mayada M.||Laport, Robert G.||Hofinger, Bernhard J. | ||
| 245 | 0 | _aLow-Cost Methods for Molecular Characterization of Mutant Plants: Tissue Desiccation, DNA Extraction and Mutation Discovery: Protocols | |
| 546 | _aEnglish[eng] | ||
| 650 | _aPlant Breeding/Biotechnology||Biological Techniques||Nucleic Acid Chemistry | ||
| 856 | _uhttps://library.oapen.org/bitstream/20.500.12657/27721/1/1002285.pdf||https://library.oapen.org/bitstream/20.500.12657/27721/1/1002285.pdf||https://library.oapen.org/bitstream/20.500.12657/27721/1/1002285.pdf | ||
| 942 | _cEB | ||
| 999 |
_c24853 _d24853 |
||